000 00213nam a2200109Ia 4500
100 _a#N/A
942 _cBK
654 _asympathize
245 _aPeaple's Skill for Executives
260 _b#N/A
546 _aENGLISH
999 _c25033
_d25033